|
|
|
|
| LEADER |
00865cam a2200241 7i4500 |
| 001 |
0000051900 |
| 005 |
20190314090000.0 |
| 020 |
|
|
|a 9789673496198 (pbk.)
|
| 090 |
0 |
0 |
|a HF5686.C7
|b L43 2015
|
| 100 |
1 |
|
|a Lazar, Jane
|
| 245 |
1 |
0 |
|a Company & group financial reporting
|c Jane Lazar.
|
| 246 |
3 |
|
|a Company and group financial reporting.
|
| 250 |
|
|
|a 8th ed.
|
| 260 |
|
|
|a Kuala Lumpur:
|b Pearson Malaysia Sdn. Bhd.,
|c 2015.
|
| 300 |
|
|
|a xii, 739 p.:
|b ill.;
|c 27 cm.
|
| 500 |
|
|
|a Gift: Faculty of Business & Accountancy
|
| 650 |
0 |
0 |
|a Corporation reports
|
| 650 |
0 |
0 |
|a Corporations --
|x Accounting
|
| 650 |
0 |
0 |
|a Financial statements
|
| 997 |
|
|
|a Business & Accountancy, Faculty
|
| 999 |
|
|
|a 0000063778
|b BOK
|c OPEN SHELF
|e 1st Floor, Shah Alam
|
| 999 |
|
|
|a 0000063779
|b BOK
|c OPEN SHELF
|e 1st Floor, Shah Alam
|
| 999 |
|
|
|a 0000063914
|b BOK
|c OPEN SHELF
|e 1st Floor, Shah Alam
|